| 000 | 00425nam a2200157Ia 4500 | ||
|---|---|---|---|
| 008 | 210210b1974 xxu||||| |||| 00| 0 eng d | ||
| 082 | _a546 GEHM | ||
| 100 | _aGEHANI (H D) & PAREKH (S M). | ||
| 245 | _aModern inorganic chemistry. Ed 7. | ||
| 250 | _a | ||
| 260 |
_aBombay _bThe Educational Publishing _c1974 |
||
| 300 | _ax,1031,72 | ||
| 650 | _aInorganic Chemistry | ||
| 690 | _aInorganic Chemistry | ||
| 906 | _aCC00268 | ||
| 999 |
_c108974 _d108974 |
||